header

Contribution of picture exchange communication system on expressive impairment in Migori County, Kenya (Record no. 266416)

MARC details
000 -LEADER
fixed length control field 00487nam a22001577a 4500
003 - CONTROL NUMBER IDENTIFIER
control field OSt
005 - DATE AND TIME OF LATEST TRANSACTION
control field 20260623081613.0
008 - FIXED-LENGTH DATA ELEMENTS--GENERAL INFORMATION
fixed length control field 260623b |||||||| |||| 00| 0 eng d
024 ## - OTHER STANDARD IDENTIFIER
Standard number or code MSNE/6001/2021
040 ## - CATALOGING SOURCE
Transcribing agency Rongo University
050 ## - LIBRARY OF CONGRESS CALL NUMBER
Classification number LC 4704
Item number .O74
100 ## - MAIN ENTRY--PERSONAL NAME
Personal name Oronge Evernate Adhiambo
245 ## - TITLE STATEMENT
Title Contribution of picture exchange communication system on expressive impairment in Migori County, Kenya
260 ## - PUBLICATION, DISTRIBUTION, ETC. (IMPRINT)
Place of publication, distribution, etc Rongo, Kenya
Name of publisher, distributor, etc Rongo University
Date of publication, distribution, etc 2025
942 ## - ADDED ENTRY ELEMENTS (KOHA)
Source of classification or shelving scheme Library of Congress Classification
Koha item type Thesis
Holdings
Withdrawn status Lost status Source of classification or shelving scheme Damaged status Not for loan Home library Current library Date acquired Total Checkouts Full call number Barcode Date last seen Price effective from Koha item type
    Library of Congress Classification     Rongo University Library Rongo University Library 24/06/2026   LC 4704 .O74 RU/SED/2025/162 24/06/2026 24/06/2026 Thesis

© 2026 Rongo University
Contact us: librarian | system librarian | Rongo university